Barcelona, provincia marinera / por Luys Santa Marina
Publicado:
San Jorge, suplement del núm. 23 (juliol 1956), pàg 24 - 25 :
MARC
| LEADER | 00000nam a2200000Ia 4500 | ||
|---|---|---|---|
| 001 | |||
| 008 | 160829s9999 xx 000 0 cat d | ||
| 100 | |a Santa Marina, Luys |9 42662 | ||
| 245 | |a Barcelona, provincia marinera / por Luys Santa Marina | ||
| 260 | |a San Jorge, suplement del núm. 23 (juliol 1956), pàg 24 - 25. | ||
| 590 | |a Existeix un duplicat al volum Separates amb R. 17658. | ||
| 650 | |a Barcelona, Port de |x Història |9 23903 | ||
| 650 | |a Mar |9 23222 | ||
| 901 | |a Arxiu | ||
| 942 | |n 1 | ||
| 952 | |0 0 |1 0 |4 0 |7 1 |9 50969 |a Arxiu |b Arxiu |d 2016-12-01 |l 0 |r 2016-12-01 00:00:00 |w 2016-12-01 |y ARXIU | ||
| 999 | |c 54812 |d 54812 | ||